| 000 | 00000nam##2200000za#4500 |
| 001 | 9.681564 |
| 003 | CaOODSP |
| 005 | 20240913144900 |
| 007 | ta |
| 008 | 150407|2001||||xxc||||| f|0| 0 fre|d |
| 020 | |a0-662-86058-6 |
| 040 | |aCaOODSP|bfre |
| 043 | |an-cn--- |
| 086 | 1 |aV32-88/2001F |
| 110 | 1 |aCanada. |bAnciens combattants Canada. |
| 245 | 10|aJason et l'effort de guerre / |cpar Shelley Fiset; illustrations, Renate Fournier-Sullivan. |
| 260 | |aOttawa - Ontario : |bAnciens Combattants Canada |c2001. |
| 300 | |a23p. : |bill. en couleur ; |c28 cm. |
| 563 | |aCouverture souple |
| 590 | |a02-33|b2002-08-16 |
| 691 | 07|aAncien combattant|2gcpds |
| 691 | 07|aGuerre|2gcpds |
| 775 | 08|tJason and the homefront / |w(CaOODSP)9.648185 |
| 776 | 0#|tJason et l'effort de guerre / |w(CaOODSP)9.943215 |